Sports Quiz

Random Sports or College Quiz

2014-2015 Opening Day Roster (Houston Rockets) Quiz Stats

 Plays Quiz not verified by Sporcle

Score 0/15 Timer 04:00
0 Plays Today
Number Player % Correct
13James Harden
98.9%
12Dwight Howard
95.6%
1Trevor Ariza
83.3%
6Terrence Jones
82.2%
2Patrick Beverley
81.1%
31Jason Terry
58.9%
3Nick Johnson
56.7%
0Isaiah Canaan
54.4%
Number Player % Correct
20Donatas Motiejunas
52.2%
30Troy Daniels
47.8%
8Joey Dorsey
45.6%
15Clint Capela
45.6%
10Tarik Black
42.2%
32Francisco Garcia
41.1%
16Kostas Papanikolaou
40%

You're not logged in!

Compare scores with friends on all Sporcle quizzes.
Join for Free
OR
Log In

You Might Also Like...

Show Comments

Extras

Top Quizzes Today


Score Distribution

Your Account Isn't Verified!

In order to create a playlist on Sporcle, you need to verify the email address you used during registration. Go to your Sporcle Settings to finish the process.

Report this User

Report this user for behavior that violates our Community Guidelines.

Details: